| 000 | 01222nam a22003017a 4500 | ||
|---|---|---|---|
| 001 | 5485 | ||
| 003 | FISKH | ||
| 005 | 20241210163312.0 | ||
| 008 | 241210b cb ||||| |||| 00| 0 eng d | ||
| 020 | _a9781407104300 | ||
| 040 |
_aFISKH _beng _cFISKH _dFISKH |
||
| 050 | _aDA195.D43 | ||
| 082 | _a942.02 | ||
| 100 | _aDeary, Terry | ||
| 245 |
_aThe stormin' Normans / _cby Terry Deary : illustrated by Martin Brown |
||
| 260 |
_aNew York : _bScholastic ; _c2000. |
||
| 300 |
_a139 pages : _billustrations ; _c21 cm . |
||
| 490 | _aHorrible Histories | ||
| 505 | _aS | ||
| 520 | _aReaders can discover all the foul facts about the Stormin' Normans, including why Norman knights slept with a dolly, which pirate hung up his eye-patch and became a saint and why Crusader ships were defended with barrels of pee. Refreshed with a fantastic new design for 2016, these bestselling titles are sure to be a huge hit with yet another generation of Terry Deary fans. | ||
| 521 | 8 |
_a800
_bLexile estimate |
|
| 521 | 8 |
_aS
_bRaz-Plus |
|
| 650 |
_aChildren's Reference _vNon-fiction |
||
| 650 |
_aMiddle Ages _vNon-fiction |
||
| 700 |
_aBrown, Martin _eillustrator |
||
| 942 |
_2ddc _cBK _n0 |
||
| 999 |
_c5485 _d5485 |
||